| Registos Bibliográficos associados ao registo de autoridade |
|
Etiqueta de registo: 00254nam 2200025 450 001 2284714 003 http://id.bnportugal.gov.pt/bib/catbnp/2284714 100 ## $a20260417d1546 m y0pory01030103ba 101 0# $alat 102 ## $aFR 105 ## $ay z 000yy 106 ## $ar 200 1# $aHadriani Sexti Pontificis Maximi, Quaestiones duodecim quodlibeticae$fhis additae sunt aliae item quinq[ue] Quaestiones Quodlibeticae doctissimi uiri, atq[ue]
Theologi, Ioannis Briardi Athensis...$enunc demum sublatis mendis, castigatissimae in lucem prodeunt 210 #9 $aLugduni$capud Gulielmum Rouilium,$d1546 215 ## $a[16], 328 f.$d8º 305 ## $aExiste emissão homóloga, do mesmo ano e local, por Iacobum Gionta 306 ## $aMarca do impressor na f. de rosto 307 ## $aAssin.: aa-bb//8, a-z//8, A-S//8 321 ## $aBaudrier IX 129 321 ## $aICCU IT\ICCU\PUVE\014174 500 10 $aQuaestiones duodecim quodlibeticae 517 1# $aQuaestiones Quodlibeticae 620 ## $dLyon 701 #1 $aBriard,$bJean,$f1460-1520$4070$31996225 702 #1 $aRouillé,$bGuillaume,$ffl. 1545-1589$4610$3502076 710 02 $aIgreja Católica.$bPapa,$c1522-1523 (Adriano VI)$32181 801 #0 $aPT$bBN$gRPC 856 40 $2Cópia digital disponível em Google Books$uhttps://books.google.cz/books?id=EcxjAAAAcAAJ&hl=pt-PT&pg=PP3#v=onepage&q&f=false 966 ## $lBN$mFGMON$sR. 1764 P. 971 ## $cpmesqui$d20260417 997 ## $aBIBEOD
Etiqueta de registo: 00254nam 2200025 450 001 2284709 003 http://id.bnportugal.gov.pt/bib/catbnp/2284709 100 ## $a20260417d1547 m y0pory01030103ba 101 0# $alat 102 ## $aFR 105 ## $ay z 000yy 106 ## $ar 200 1# $aHadriani Sexti Pontificis Maximi, Quaestiones duodecim quodlibeticae$fhis additae sunt aliae item quinq[ue] Quaestiones Quodlibeticae doctissimi uiri, atq[ue]
Theologi Ioannis Briardi Athensis...$enunc demum sublatis mendis, castigatissimae in lucem prodeunt 210 #9 $aLugduni$capud Gulielmum Rouilium,$d1547 215 ## $a[16], 328 f.$d8º 305 ## $aExiste emissão homóloga, do mesmo ano e local, por Iacobum Gionta 306 ## $aMarca do impressor na f. de rosto 307 ## $aAssin.: aa-bb//8, a-z//8, A-S//8 321 ## $aBaudrier IX 134 321 ## $aICCU IT\ICCU\PBEE\022288 321 ## $aCCBE S. XVI, A, 189 500 10 $aQuaestiones duodecim quodlibeticae 517 1# $aQuaestiones Quodlibeticae 620 ## $dLyon 701 #1 $aBriard,$bJean,$f1460-1520$4070$31996225 702 #1 $aRouillé,$bGuillaume,$ffl. 1545-1589$4610$3502076 710 02 $aIgreja Católica.$bPapa,$c1522-1523 (Adriano VI)$32181 801 #0 $aPT$bBN$gRPC 856 40 $2Cópia digital disponível em DIGIBUG - Repositorio Institucional de la Universidad
de Granada$uhttp://hdl.handle.net/10481/9388 966 ## $lBN$mFGMON$sR. 1763 P. 966 ## $lBN$mFGMON$sR. 15868 P. 966 ## $lBN$mFGMON$sR. 23527 P. 966 ## $lBN$mFGMON$sR. 24015 P. 971 ## $cpmesqui$d20260417 997 ## $aBIBEOD
|
|
|